| 000 | 004700000a22001570004500 | ||
|---|---|---|---|
| 003 | MACL | ||
| 005 | 20180215124558.0 | ||
| 008 | 180215b xxu||||| |||| 00| 0 eng d | ||
| 040 | _cmacl | ||
| 100 |
_aगौरी शंकर पण्डया _970369 |
||
| 245 | _aरोम की लोक कथाऐं | ||
| 260 |
_bबाल साहित्य _c2005 |
||
| 350 | _a30 | ||
| 650 |
_aचिल्ड्रन _970370 |
||
| 942 |
_cHIN _k741.642 _2ddc |
||
| 999 |
_c10793 _d10793 |
||